| 000 | 00645nam a22001937a 4500 | ||
|---|---|---|---|
| 005 | 20210615141102.0 | ||
| 008 | 210428b ag ||||| |||| 00| 0 spa d | ||
| 020 | _a9507275207 | ||
| 050 | 0 | 4 |
_aKHA4370 _bR58 2004 |
| 100 | 1 | _aRivera, Julio Cesar | |
| 245 | 1 | 3 |
_aLa constitucionalidad del derecho de rectificación o respuesta _c/ Julio César Rivera |
| 250 | _a1a ed. | ||
| 260 |
_aBuenos Aires, Argentina : _bRubinzal - Culzoni editores, _c2004 |
||
| 300 |
_a121 p. ; _c22 cm. |
||
| 504 | _aBibliografía : p. 115-118 | ||
| 650 | 7 |
_2lemb _aPrensa _xLegislación _zArgentina |
|
| 650 | 7 |
_2lemb _aDerechos civiles _zArgentina |
|
| 942 |
_2lcc _cLIB |
||
| 999 |
_c155635 _d155633 |
||